Statistics for Taxation Quotes Quiz

Click here to take the quiz!

General Stats

  • This quiz has been taken 510 times
  • The average score is 5 of 8

Answer Stats

PersonQuoteAnswer% Correct
George H. W. BushRead my ____: no new taxeslips
96%
Ben FranklinIn this world nothing can be said to be certain, except _____ and taxes.death
92%
SloganNo taxation without _____________.representation
84%
PlatoWhen there is an income tax, the just man will pay ____ and the unjust less on the same amount of income.more
70%
Mark TwainThe only difference between a tax man and a taxidermist is that the taxidermist leaves the ____.skin
51%
Winston ChurchillThere is no such thing as a ____ tax.good
47%
The Beatles 'Taxman'If you drive a car, I'll tax the ______.street
47%
Alan GreenspanWhatever you tax, you get ____ of.less
42%

Score Distribution

Percentile by Number Answered

Percent of People with Each Score

Your Score History

You have not taken this quiz